Catálogo
 En Linea

Las casas que hablan : (Registro nro. 6424)

Detalles MARC
000 -CABECERA
campo de control de longitud fija 00910cam a2200217 a 4500
001 - NÚMERO DE CONTROL
campo de control 000006634
005 - FECHA Y HORA DE LA ÚLTIMA TRANSACCIÓN
campo de control 20200929153949.0
008 - DATOS DE LONGITUD FIJA--INFORMACIÓN GENERAL
campo de control de longitud fija 941228s1994 ck a f000 0dspa
020 ## - NÚMERO INTERNACIONAL ESTÁNDAR DEL LIBRO
Número Internacional Estándar del Libro 9586121836
040 ## - FUENTE DE LA CATALOGACIÓN
Centro catalogador/agencia de origen DO-SdBNP
Lengua de catalogación spa
Centro/agencia transcriptor BNPHU
082 ## - NÚMERO DE LA CLASIFICACIÓN DECIMAL DEWEY
Número de clasificación 918.641
Número de documento/Ítem M953c
100 1# - ENTRADA PRINCIPAL--NOMBRE DE PERSONA
Nombre de persona Mújica, Elisa.
Fechas asociadas al nombre 1918-2003
9 (RLIN) 18420
245 14 - MENCIÓN DE TÍTULO
Título Las casas que hablan :
Resto del título guía histórica del barrio de la Candelaria de Santafé de Bogotá /
Mención de responsabilidad, etc. Elisa Mújica.
260 ## - PUBLICACIÓN, DISTRIBUCIÓN, ETC.
Lugar de publicación, distribución, etc. Bogotá, Colombia :
Nombre del editor, distribuidor, etc. Corporación La Candelaria,
-- Biblioteca Nacional de Colombia,
-- Colcultura,
Fecha de publicación, distribución, etc. 1994.
300 ## - DESCRIPCIÓN FÍSICA
Extensión 198 p. :
Otras características físicas il. ;
Dimensiones 28 cm.
504 ## - NOTA DE BIBLIOGRAFÍA, ETC.
Nota de bibliografía, etc. Incluye referencias bibliográficas.
650 #4 - PUNTO DE ACCESO ADICIONAL DE MATERIA--TÉRMINO DE MATERIA
Término de materia o nombre geográfico como elemento de entrada Edificios históricos
Subdivisión geográfica Colombia
-- Candelaria (Bogotá{Rpara}
Subdivisión general Historia
9 (RLIN) 18421
651 #4 - PUNTO DE ACCESO ADICIONAL DE MATERIA--NOMBRE GEOGRÁFICO
Nombre geográfico Candelaria (Bogotá, Colombia{Rpara}
Subdivisión general Historia
9 (RLIN) 18422
651 #4 - PUNTO DE ACCESO ADICIONAL DE MATERIA--NOMBRE GEOGRÁFICO
Nombre geográfico Bogotá (Colombia{Rpara}
Subdivisión general Historia
9 (RLIN) 18423
910 ## - DATOS DE OPCIÓN DEL USUARIO (OCLC)
Datos de opción del usuario Validado, COntrol de calidad MFF
Existencias
Estado de retiro Estado de pérdida Restricciones de uso No para préstamo Código de colección Localización permanente Ubicación/localización actual Ubicación en estantería Fecha de adquisición Número de inventario Total de préstamos Signatura topográfica completa Código de barras Fecha visto por última vez Precio válido a partir de Tipo de ítem Koha
      Excluido de préstamo Monografías: Libros y Folletos General General Depósito 01.09.2009 LF1   918.641 M953c 6634-10 25.06.2020 25.06.2020 No se presta
        Monografías: Libros y Folletos General General Orden iniciada 26.05.2017 LF1   918.641 M953c 6634-20 25.06.2020 25.06.2020 No se presta

Con tecnología Koha